00858nam a2200265Ia 4500001000900000003000500009005001700014008004100031010001100072020001800083040000900101082002300110100002300133245008200156260005900238300001600297400003500313440009100348503002600439504002800465650002100493650001700514650003300531700002800564dia_2453CHAP20251027150443.0220117s1984 xx 000 0 und d a172976 a0-08-024406-8 cCHAP a660.28449 S73 1984 aStanbury, Peter F. aPrinciples of fermentation technology /c Peter F. Stanbury y Allan Whitaker aEstados Unidos de América :b Pergamon Press,c1984 axiv, 225 p. aPERGAMON INTERNATIONAL LIBRARY aPergamon international library of science, technology, engineering, and social studies aI. 145610 \ I. 174912 aIncluye bibliografías aFermentación  aFermentation aMicroorganismosxIndustria  aWhitaker, Allan, coaut.